| Tag |
First Indicator |
Second Indicator |
Subfields |
| LEADER |
00000cam a2200000 4500 |
| 001 |
in00000099772 |
| 005 |
20150924160443.0 |
| 008 |
730510s1973 wb b 11000 eng |
| 010 |
|
|
|a 73076674
|
| 015 |
|
|
|a GDB***
|
| 020 |
|
|
|a 0387061878 (New York)
|c DM24.00
|
| 035 |
|
|
|a (OCoLC)00632572
|
| 035 |
|
|
|9 AAL0394AM
|
| 040 |
|
|
|a DLC
|c DLC
|d TXA
|d UtOrBLW
|
| 049 |
|
|
|a TXAM
|c [713196]
|
| 050 |
0 |
0 |
|a QA3
|b .L28 no. 318
|
| 082 |
0 |
|
|a 510/.8 s
|a 514
|
| 245 |
0 |
0 |
|a Recent advances in topological dynamics :
|b proceedings of the Conference on Topological Dynamics, held at Yale University, June 19-23, 1972, in honor of Professor Gustav Arnold Hedlund on the occasion of his retirement /
|c Edited by Anatole Beck.
|
| 264 |
|
1 |
|a Berlin,
|a New York :
|b Springer-Verlag,
|c 1973.
|
| 300 |
|
|
|a viii, 285 pages ;
|c 26 cm.
|
| 336 |
|
|
|a text
|b txt
|2 rdacontent
|
| 337 |
|
|
|a unmediated
|b n
|2 rdamedia
|
| 338 |
|
|
|a volume
|b nc
|2 rdacarrier
|
| 490 |
1 |
|
|a Lecture notes in mathematics, 318
|
| 504 |
|
|
|a Includes bibliographies.
|
| 650 |
|
0 |
|a Topological dynamics
|x Congresses.
|
| 700 |
1 |
|
|a Hedlund, Gustav Arnold,
|d 1904-
|
| 700 |
1 |
|
|a Beck, Anatole.
|
| 711 |
2 |
|
|a Conference on Topological Dynamics
|d (1972 :
|c Yale University)
|
| 830 |
|
0 |
|a Lecture notes in mathematics (Springer-Verlag) ;
|v 318.
|
| 999 |
|
|
|a MARS
|
| 999 |
f |
f |
|s 49de4361-1571-3920-be97-39ac212fc0cb
|i 851898a0-345f-378b-a0c5-c890d4b2a1bb
|t 0
|
| 952 |
f |
f |
|p ric
|a Texas A&M University
|b Rellis Campus
|c Joint Library Facility
|d Remote Storage
|t 0
|e QA3 .L28 no. 318
|h Library of Congress classification
|i unmediated -- volume
|m A14804423639
|
| 998 |
f |
f |
|a QA3 .L28 no. 318
|t 0
|l Remote Storage
|